Alexander James Dallas correspondence and memorandum, (Record no. 40591)

MARC details
000 -LEADER
fixed length control field 01014cpcaa2200289 4500
001 - CONTROL NUMBER
control field mm 79000996
003 - CONTROL NUMBER IDENTIFIER
control field DLC
005 - DATE AND TIME OF LATEST TRANSACTION
control field 20260227111634.0
008 - FIXED-LENGTH DATA ELEMENTS--GENERAL INFORMATION
fixed length control field 790423|||||||||||| eng
010 ## - LIBRARY OF CONGRESS CONTROL NUMBER
LC control number mm 79000996
040 ## - CATALOGING SOURCE
Original cataloging agency DLC
Transcribing agency DLC
Description conventions dacs
Modifying agency DLC
072 #7 - SUBJECT CATEGORY CODE
Subject category code C
Source lcmd
100 1# - MAIN ENTRY--PERSONAL NAME
Personal name Dallas, Alexander James,
Dates associated with a name 1759-1817.
245 00 - TITLE STATEMENT
Title Alexander James Dallas correspondence and memorandum,
Inclusive dates 1792-1816.
300 ## - PHYSICAL DESCRIPTION
Extent 7
Type of unit items.
506 0# - RESTRICTIONS ON ACCESS NOTE
Terms governing access Open to research.
545 0# - BIOGRAPHICAL OR HISTORICAL DATA
Biographical or historical data U.S. secretary of the treasury, lawyer, and author.
546 ## - LANGUAGE NOTE
Language note Collection material in English.
580 ## - LINKING ENTRY COMPLEXITY NOTE
Linking entry complexity note Forms part of: Miscellaneous Manuscripts collection.
656 #7 - INDEX TERM--OCCUPATION
Occupation Authors.
Source of term itoamc
656 #7 - INDEX TERM--OCCUPATION
Occupation Cabinet officers.
Source of term itoamc
656 #7 - INDEX TERM--OCCUPATION
Occupation Lawyers.
Source of term itoamc

No items available.

Powered by Koha